Statistics for Liechtenstein Country Quiz

Click here to take the quiz!

General Stats

  • This quiz has been taken 10,821 times
    (10,672 since last reset)
  • The average score is 12 of 15

Answer Stats

QuestionAnswer% Correct
Bordering countriesSwitzerland
98%
Official languageGerman
98%
Bordering countriesAustria
97%
Mountain range in which Liechtenstein liesAlps
94%
Type of people who could not vote in Liechtenstein until 1984Women
92%
Liechtenstein and Uzbekistan are the only countries which are doubly ________,
meaning that all countries they border are also ________
Landlocked
91%
Capital cityVaduz
88%
Liechtenstein is the second _____ country in the world, trailing only MonacoRichest
86%
Currency used by LiechtensteinSwiss franc (CHF)
80%
Like Monaco and Andorra, the monarch of Liechtenstein has this titlePrince
72%
The monarch of Liechtenstein has the power to ____ any legislationVeto
70%
Empire that Liechtenstein was part of prior to 1805Holy Roman Empire
69%
River that forms Liechtenstein's western borderRhine
68%
Current monarch{Hans}-Adam II
27%
Most populous municipalitySchaan
22%

Score Distribution

Percentile by Number Answered

Percent of People with Each Score

Your Score History

You have not taken this quiz since the last reset